| 000 | 01628mam a2200325 a 4500 | ||
|---|---|---|---|
| 001 | 2319243 | ||
| 003 | OSt | ||
| 005 | 20180117085949.0 | ||
| 008 | 980731s1999 enka b 001 0 eng | ||
| 010 | _a 98036926 | ||
| 015 | _aGB99-32803 | ||
| 020 | _a0198207689 (hardcover : alk. paper) | ||
| 035 | _a(OCoLC)ocm39796508 | ||
| 035 | _a(NNC)2319243 | ||
| 040 |
_aDLC _cDLC _dYDX _dUKM _dVVC _dNNC |
||
| 050 | 0 | 0 |
_aPN5111.R4 _bR43 1999 |
| 082 | 0 | 0 |
_a070.4/35 _221 |
| 100 | 1 | _aRead, Donald. | |
| 245 | 1 | 4 |
_aThe power of news : _bthe history of Reuters / _cDonald Read. |
| 250 | _a2nd ed. | ||
| 260 |
_aOxford ; _aNew York : _bOxford University Press, _c1999. |
||
| 300 |
_axvii, 540 p., [32] p. of plates : _bill. ; _c24 cm. |
||
| 504 | _aIncludes bibliographical references (p. [490]-518) and index. | ||
| 505 | 0 | _aJulius Reuter: before and after 1851 -- 'The great Reuter' -- An imperial institution, 1865-1914 -- The world's news, 1865-1914 -- Wartime reconstruction, 1914-1918 -- War news, 1914-1918 -- The autocracy of Roderick Jones, 1919-1934 -- The decline and fall of Roderick Jones, 1934-1941 -- News between the wars, 1919-1939 -- War news, 1939-1945 -- 'In the nature of a trust', 1941-1963 -- Making the new Reuters, 1963-1981 -- Achieving worldwide presence, 1963-1981 -- Going public, 1981-1984 -- The world's news, 1945-1989 -- Retrospect, 1849-1989. | |
| 610 | 2 | 0 | _aReuters Limited. |
| 610 | 2 | 4 |
_aReuters _xHistory. |
| 942 |
_2ddc _cBK |
||
| 999 |
_c2772 _d2772 |
||